Labour organisation on robotic milking dairy farms

Đã lưu trong:
書目詳細資料
主要作者: B R Sonck
格式: 圖書
語言:Undetermined
出版: Wageningen Landbouwuniversiteit te Wageningen 1996
主題:
標簽: 添加標簽
沒有標簽, 成為第一個標記此記錄!
Thư viện lưu trữ: Trung tâm Học liệu Trường Đại học Cần Thơ
LEADER 00543nam a2200181Ia 4500
001 CTU_44160
008 210402s9999 xx 000 0 und d
082 |a 637.1 
082 |b S698/1996 
100 |a B R Sonck 
245 0 |a Labour organisation on robotic milking dairy farms 
245 0 |c B R Sonck 
260 |a Wageningen 
260 |b Landbouwuniversiteit te Wageningen 
260 |c 1996 
650 |a dairy farms,dairy workers 
904 |i Nguyễn Quang Điền, 010911 
980 |a Trung tâm Học liệu Trường Đại học Cần Thơ